000
00365nam a2200133Ia 4500
008
151001s9999||||xx |||||||||||||| ||und||
100
_a
A. S. Deshpande
245
4
_a
The payment of wage act.
250
_a
1
260
_b
A.S.Deshpande
260
_c
1967
300
_a
364
365
_b
25
999
_c
964381
_d
964378